| 000 | 00632nam a2200205Ia 4500 | ||
|---|---|---|---|
| 005 | 20250923144910.0 | ||
| 008 | 008 250917s9999 xx 000 0 eng d | ||
| 037 | _aTextual | ||
| 040 |
_aDSWL _beng _cDSWL |
||
| 041 |
_aeng _2eng |
||
| 084 |
_aX:275, K2 _qDSWL |
||
| 100 |
_aNurkse, Ragnar _9829574 |
||
| 245 | 0 |
_aProblems of capital formation in underdeveloped countries; Problems of capital information _cby Ragnar Nurkse |
|
| 260 |
_aIndian _bBranch Oxford University Press _c1964 |
||
| 300 | _a157p. | ||
| 365 |
_aINR _b8 |
||
| 925 | _g8 | ||
| 942 |
_cTEXL _hX:275, K2 |
||
| 999 |
_c1444742 _d1444742 |
||